000 00574nam a2200217Ia 4500
003 OSt
005 20220928140941.0
006 a|||||r|||| 00| 0
007 ta
008 220927b |||||||| |||| 00| 0 eng d
024 _a12625
037 _cAnnuals, Advances
040 _aSDCL
_cSDCL
_beng
041 _2eng
_aeng
082 _aB2895p1,N78, L8
100 _aRose J Ed.
_9498300
245 0 _aCurrent topics in cybernetics and systems.
260 _c1978
942 _hB2895p1,N78, L8
_cREF
_2CC
999 _c815034
_d815034